| 000 | 00521nam a22001937a 4500 | ||
|---|---|---|---|
| 003 | OSt | ||
| 005 | 20150320145736.0 | ||
| 008 | 150320b xxu||||| |||| 00| 0 eng d | ||
| 020 | _a 9781211932 | ||
| 040 | _cdnlm | ||
| 082 | _aWL 368 A32n 1989 | ||
| 100 |
_aAdeloye Adelola _93204 |
||
| 245 |
_aNeurosurgery in Africa / _cAdelola Adeloye |
||
| 260 |
_aIbadan: _bIbadan University press; _c1989. |
||
| 300 |
_axiii, 386p : _bill; _c26 cm. |
||
| 504 | _aincludes index | ||
| 650 |
_aNeurosurgery _93205 |
||
| 942 |
_2z _cSLOAN |
||
| 999 |
_c1174 _d1174 |
||